Раздумья по дороге жизни (Запись № 12814533)

Подробности
000 -МАРКЕР
контрольное поле 03896nam0a2200445 4500
001 - ИДЕНТИФИКАТОР ЗАПИСИ
контрольное поле RU\NLR\BIBL_A\012680843
005 - ИДЕНТИФИКАТОР ВЕРСИИ
контрольное поле 20250624113507.0
010 ## - МЕЖДУНАРОДНЫЙ СТАНДАРТНЫЙ НОМЕР КНИГИ (ISBN)
Номер (ISBN) 978-5-00189-377-6
Тираж 40
021 ## - НОМЕР ГОСУДАРСТВЕННОЙ РЕГИСТРАЦИИ
Код страны российская федерация
Номер 2021-61339
Номер Листа государственной регистраци КН-П-4803
035 ## - ДРУГИЕ СИСТЕМНЫЕ НОМЕРА
Идентификатор записи (RuMoRGB)010795130
035 ## - ДРУГИЕ СИСТЕМНЫЕ НОМЕРА
Идентификатор записи (NLR Aleph) 012680843
100 ## - ДАННЫЕ ОБЩЕЙ ОБРАБОТКИ
Данные общей обработки 20220111d2021 |||y0rusy50 ca
101 0# - ЯЗЫК РЕСУРСА
Язык текста, звукозаписи и т.д. русский
-- испанский, кастильский испанский
102 ## - СТРАНА ПУБЛИКАЦИИ ИЛИ ПРОИЗВОДСТВА
Страна публикации российская федерация
105 ## - ПОЛЕ КОДИРОВАННЫХ ДАННЫХ: ТЕКСТОВЫЕ МАТЕРИАЛЫ, МОНОГРАФИЧЕСКИЕ
Кодированные данные о монографическом текстовом документе a|||z|||000gy
181 #0 - ПОЛЕ КОДИРОВАННЫХ ДАННЫХ: ВИД СОДЕРЖАНИЯ
Код вида содержания (ISBD) i3
Код характеристики содержания (ISBD) axxe
182 #0 - ПОЛЕ КОДИРОВАННЫХ ДАННЫХ: ТИП СРЕДСТВА
Код типа средства (ISBD) n - непосредственное
200 1# - ЗАГЛАВИЕ И СВЕДЕНИЯ ОБ ОТВЕТСТВЕННОСТИ
Основное заглавие Раздумья по дороге жизни
Параллельное заглавие Reflexiones en el camino de la vida
Сведения, относящиеся к заглавию сборник стихов
Первые сведения об ответственности Андрей Будаев
Язык параллельного заглавия испанский, кастильский испанский
203 ## - ВИД СОДЕРЖАНИЯ И ТИП СРЕДСТВА
Вид содержания Текст
Дополнительные сведения об издании визуальный
Тип средства непосредственный
210 ## - ПУБЛИКАЦИЯ, РАСПРОСТРАНЕНИЕ И ДР.
Место издания, распространения и т.д. Москва
Имя издателя, распространителя и т. д. Перо
Дата издания, распространения и т.д. 2021
215 ## - ФИЗИЧЕСКАЯ ХАРАКТЕРИСТИКА
Специфическое обозначение материала и объем 221 с.
Другие сведения о физической характеристике ил.
Размеры 19
300 ## - ОБЩИЕ ПРИМЕЧАНИЯ
Текст примечания Авт. также исп.: Andrey Budaev
300 ## - ОБЩИЕ ПРИМЕЧАНИЯ
Текст примечания На 4-й с. обл. авт.: Будаев А.В., канд. полит. наук
300 ## - ОБЩИЕ ПРИМЕЧАНИЯ
Текст примечания На тит. с. в вых. дан.: Монтевидео, июль 2021
300 ## - ОБЩИЕ ПРИМЕЧАНИЯ
Текст примечания Текст рус., исп.
327 1# - ПРИМЕЧАНИЯ О СОДЕРЖАНИИ
Текст примечания Содерж.: циклы: Герои нашего времени; Загадочная и неповторимая природа; Страны, города и веси; Далёкие и близкие; Полёты во сне и наяву; Ангелы и демоны; Чувства, впечатления и ощущения
330 ## - РЕЗЮМЕ ИЛИ РЕФЕРАТ
Текст примечания Дипломат, специалист-международник, кандидат политических наук. Родился в Москве в 1960 г. После окончания в 1982 г. Московского государственного института международных отношений (МГИМО) работает в Министерстве иностранных дел. Находился в служебных командировках в посольствах нашей страны в Эквадоре, Колумбии, Чили. В 2003-2004 гг. и 2009-2010 гг. работал начальником отдела Кубы и карибских стран Латиноамериканского департамента МИД России. В 2004-2008 гг. был советником-посланником российского посольства в Колумбии. С 2010 г. по 2015 г. являлся Генеральным консулом Российской Федерации в Рио-де-Жанейро (Бразилия). В 2016-2020 гг. - Посол России в Никарагуа и по совместительству в Гондурасе и Сальвадоре. С 2020 г. назначен Послом России в Уругвае и наблюдателем Российской Федерации при Комитете представителей Латиноамериканской ассоциации интеграции по совместительству. Автор ряда книг и публикаций о российско-латиноамериканских отношениях и некоторых аспектах внешней политики России
510 1# - ПАРАЛЛЕЛЬНОЕ ЗАГЛАВИЕ
Связь между полями z11790
Параллельное заглавие Reflexiones en el camino de la vida
Язык заглавия испанский, кастильский испанский
675 ## - УНИВЕРСАЛЬНАЯ ДЕСЯТИЧНАЯ КЛАССИФИКАЦИЯ (UDC/УДК)
Индекс 821.161.1-1
Издание 4
686 2# - ИНДЕКСЫ ДРУГИХ КЛАССИФИКАЦИЙ
Индекс Ш6(2=Р)8-5
686 2# - ИНДЕКСЫ ДРУГИХ КЛАССИФИКАЦИЙ
Индекс Ш6(2=Р)87исп.
700 #1 - ИМЯ ЛИЦА - ПЕРВИЧНАЯ ОТВЕТСТВЕННОСТЬ
Графика поля Кириллица
Материалы, к которым относится поле rus
Начальный элемент ввода Будаев
Часть имени, кроме начального элемента ввода А. В.
Дополнения к именам, кроме дат дипломат, канд. полит. наук
Даты 1960-
Расширение инициалов личного имени Андрей Владимирович
Системный номер авторитетной/нормативной записи 152559
Идентификатор авторитетной/нормативной записи RU\NLR\AUTH\770152597
790 #1 - ИМЯ ЛИЦА - АЛЬТЕРНАТИВНАЯ ФОРМА
Графика поля Латинская
Материалы, к которым относится поле rus
Начальный элемент ввода Budaev
Часть имени, кроме начального элемента ввода А. V.
Дополнения к именам, кроме дат дипломат, канд. полит. наук
Даты 1960-
Расширение инициалов личного имени Andrej Vladimirovič
Системный номер авторитетной/нормативной записи 152560
Идентификатор авторитетной/нормативной записи RU\NLR\AUTH\770152598
942 ## - ДОПОЛНИТЕЛЬНЫЕ ЭЛЕМЕНТЫ ЗАПИСИ (АБИС)
Тип экземпляра АБИС Книга
980 ## - КОЛЛЕКЦИЯ
Название коллекции Национальная библиография
Экземпляры
Тип экземпляра Дата поступления Источник поступления Библиотека постоянного хранения Библиотека текущего хранения Место хранения Шифр хранения Штрих-код Статус не для выдачи
Книга 11.01.2022 Обязательный экземпляр РНБ (Московский) РНБ (Московский) Русский книжный фонд: издания с 1957 года, 8этаж, Хран. 2022-3/160 1-3609009  
Книга 11.01.2022 Обязательный экземпляр РНБ (Московский) РНБ (Московский) Русский книжный фонд: издания с 1957 года, 8этаж, Хран. 2022-3/160 1-3609010